|
|
|
|
| LEADER |
00000nab a2200000Ia 4500 |
| 001 |
vtls010816496 |
| 003 |
SK-MaSNL |
| 005 |
20260305042319.0 |
| 008 |
230218|1977 xo |||||||||||||||||slo| |
| 035 |
|
|
|a (urnnbn)urn:nbn:sk:snk:ar-a058ss
|
| 035 |
|
|
|a urn:nbn:sk:snk-ab5kuy
|
| 035 |
|
|
|a (uuid)996bd031-2c02-460b-914c-a12fbeae1689
|
| 040 |
|
|
|a SNKBUCL
|b slo
|c SNKBUCL
|e AACR2
|
| 041 |
0 |
|
|a slo
|b eng
|b rus
|
| 044 |
|
|
|a xo
|c SK
|
| 080 |
|
|
|a 005
|2 2001
|
| 080 |
|
|
|a 339.9
|2 2001
|
| 080 |
|
|
|a 321.74
|2 2001
|
| 080 |
|
|
|a 339.5
|2 2001
|
| 100 |
1 |
|
|a Šikula, Milan,
|d 1941-
|4 aut
|9 87182
|
| 245 |
1 |
0 |
|a Historický význam teórie a praxe riadenia vonkajších ekonomických vzťahov v prvom socialistickom štáte
|c Milan Šikula
|
| 504 |
|
|
|a Bibliogr. odkazy
|
| 546 |
|
|
|a Res. angl., rus.
|
| 650 |
0 |
7 |
|a riadenie
|2 SNKPH
|9 924
|
| 650 |
0 |
7 |
|a hospodárske vzťahy
|2 SNKPH
|9 2283
|
| 650 |
0 |
7 |
|a socializmus
|2 SNKPH
|9 2151
|
| 650 |
0 |
7 |
|a zahraničný obchod
|2 SNKPH
|9 2200
|
| 773 |
0 |
|
|t Ekonomický časopis : časopis pre ekonomickú teóriu, hospodársku politiku, spoločensko-ekonomické prognózovanie
|g Roč. 25, č. 9 (1977), s. 793-806
|
| 954 |
|
|
|a odborná, vedecká literatúra pôvodná (slovenská)
|2 lita
|
| 958 |
|
|
|a NB
|
| 958 |
|
|
|a OND
|
| 958 |
|
|
|a EUIPO
|
| 958 |
|
|
|a article5
|
| 999 |
|
|
|c 3348273
|d 3350203
|